Sa ou dwe konnen sou reklam kap twonpe ou.

Bibliographic Details
Uniform Title:What you need to know about misleading advertising.
Corporate Author: United States. Social Security Administration
Format: Government Document Serial
Language:Haitian French Creole
Published: [Baltimore, Md.] : Social Security Administration.
Series:SSA publication ; no. 05-10005-HC.
Subjects:
Online Access:Latest issue only

MARC

Tag First Indicator Second Indicator Subfields
LEADER 00000cas a2200000 a 4500
001 in00002186169
005 20211202185222.0
006 m d f
007 cr mn|||||||||
008 060324cuuuu9999mduuu ss f0 0hat c
010 |a  2006231050 
035 |a (OCoLC)ocm65196080 
037 |b Social Security Administration, Office of Public Inquiries, Windsor Park Building, 6401 Security Blvd., Baltimore, MD 21235 
040 |a GPO  |c GPO  |d MvI  |d UtOrBLW 
042 |a lcd 
043 |a n-us--- 
049 |a WWW 
074 |a 0517-B (online) 
086 0 |a SSA 1.2:M 68/HAITIAN-CREOLE 
130 0 |a What you need to know about misleading advertising.  |l Haitian-Creole (Online) 
245 1 0 |a Sa ou dwe konnen sou reklam kap twonpe ou. 
264 1 |a [Baltimore, Md.] :  |b Social Security Administration. 
300 |a volumes :  |b digital, PDF file. 
336 |a text  |b txt  |2 rdacontent 
337 |a computer  |b c  |2 rdamedia 
338 |a online resource  |b cr  |2 rdacarrier 
490 1 |a SSA publication ;  |v no. 05-10005-HC 
538 |a Mode of access: Internet at the SSA web site. Address as of 3/21/06: http://www.ssa.gov/multilanguage/Haitcreo/10005-HC.pdf current access available via PURL. 
500 |a Description based on: Feb. 2004; title from title screen (viewed on Mar. 21, 2006). 
580 |a Issued in several languages. 
500 |a Electronic resource. 
650 0 |a Social security  |z United States  |v Periodicals. 
650 0 |a Deceptive advertising  |z United States  |v Periodicals. 
710 1 |a United States.  |b Social Security Administration. 
830 0 |a SSA publication ;  |v no. 05-10005-HC. 
856 4 0 |3 Latest issue only  |u https://purl.fdlp.gov/GPO/LPS67944  |t 0 
999 |a MARS 
999 f f |s 3e11d89f-560d-34dc-9b7f-cdbc41176003  |i bfb9f553-669b-3d1a-a1aa-3411d70b3a07  |t 0 
952 f f |a Texas A&M University  |b College Station  |c Electronic Resources  |d Available Online  |t 0  |e SSA 1.2:M 68/HAITIAN-CREOLE  |h Superintendent of Documents classification 
998 f f |a SSA 1.2:M 68/HAITIAN-CREOLE  |t 0  |l Available Online